000 00343nam a2200133Ia 4500
005 20260328101528.0
008 260328s9999||||xx |||||||||||||| ||und||
100 _aMoscato, Jorge
245 0 _aMoscato y Schere :
_bArquitectura e Ideologia /
_cJorge Moscato
260 _bMenhir Libros
300 _a85 p.
650 _aARQUITECTOS
942 _cBK
999 _c9869
_d9869